Estatísticas para Países Insulares

Clique aqui para jogar o quiz

Estatísticas Gerais

  • Esse quiz foi jogado 12 255 vezes
  • A pontuação média é 34 de 47

Estatísticas das Respostas

km²País% Correto
270,467Nova Zelândia
93%
587,041Madagascar
91%
377,930Japão
91%
109,884Cuba
91%
1,904,569Indonésia
88%
27,750Haiti
83%
103,000Islândia
82%
10,991Jamaica
82%
4,033Cabo Verde
81%
242,900Reino Unido
81%
70,273Irlanda
79%
13,943Bahamas
79%
316Malta
78%
342,353Filipinas
78%
48,671República Dominicana
77%
18,272Fiji
76%
300Maldivas
76%
65,610Sri Lanka
75%
965São Tomé e Príncipe
75%
181Ilhas Marshall
74%
5,130Trinidad e Tobago
74%
9,251Chipre
74%
702Estados Federados da Micronésia
73%
462,840Papua Nova Guiné
72%
26Tuvalu
72%
28,896Ilhas Salomão
72%
430Barbados
71%
616Santa Lúcia
71%
452Seychelles
70%
459Palau
69%
36,193Taiwan
69%
12,189Vanuatu
68%
389São Vicente e Granadinas
67%
751Dominica
67%
261São Cristóvão e Nevis
66%
21Nauru
66%
2,842Samoa
66%
442Antígua e Barbuda
65%
747Tonga
65%
344Granada
65%
811Kiribati
65%
2,040Maurícia
63%
1,862Comores
58%
14,874Timor-Leste
57%
710Singapura
56%
5,765Brunei
49%
765Bahrein
34%

Distribuição das Pontuações

Percentil de Números Respondidos

Porcentagem de Pessoas com Cada Pontuação

Sua Pontuação Histórica

Você não jogou esse quiz